English Proverbs and Sayings
Enregistré dans:
| Auteur principal: | |
|---|---|
| Format: | Chapitre de livre |
| Langue: | anglais |
| Sujets: | |
| Tags: |
Pas de tags, Soyez le premier à ajouter un tag!
|
MARC
| LEADER | 00000nla a2200000 4500 | ||
|---|---|---|---|
| 001 | 0241360 | ||
| 005 | 20240502073929.6 | ||
| 041 | 0 | |a eng | |
| 044 | |a SK | ||
| 245 | 1 | 0 | |a English Proverbs and Sayings |c Ľubica Kurdelová |
| 610 | 2 | 0 | |a jazyky cudzie |
| 610 | 2 | 0 | |a jazykoveda |
| 610 | 2 | 0 | |a angličtina |
| 610 | 2 | 0 | |a kultúra |
| 100 | 1 | |a Kurdelová, Ľubica | |